000
00290nam a2200109Ia 4500
008
200302s9999 xx 000 0 und d
100
_a
Author
245
_a
Apartmants and Dormitories An Architectural Rcord Book
260
_b
Mc Graw-Hill Book Co., Inc.,
260
_c
1962
300
_a
232 P.,
999
_c
5006
_d
5006